| 000 | 00967cam a22003131 4500 | ||
|---|---|---|---|
| 001 | 11368 | ||
| 003 | BD-RjUL | ||
| 005 | 20211208235119.0 | ||
| 008 | 140126r1963 nyub b 001 0 eng | ||
| 035 | _a(BD-RjUL)11417 | ||
| 035 | _a(OCoLC)1043030 | ||
| 040 |
_aDLC _cODaWU _dOCoLC _dNSbSU _dDLC _dBD-RjUL _beng |
||
| 041 | _aeng | ||
| 082 |
_a551.86 _bKAN 1963 |
||
| 100 | 1 |
_aKay, Marshall, _d1904-1975. _935141 |
|
| 245 | 1 | 0 |
_aNorth American geosynclines. / _cMarshall Kay |
| 260 |
_aNew York : _bGeological Society of America , _c1963 |
||
| 300 |
_aix, 143 p. : _bmaps (part fold.) profiles. ; _c23 cm. |
||
| 490 | 0 |
_aMemoir, _v48 |
|
| 504 | _aBibliography: p. 109-132. and index. | ||
| 650 | 0 |
_aGeology _zNorth America. _935113 |
|
| 650 | 0 |
_aGeology, Stratigraphic. _935142 |
|
| 830 | 0 |
_v48 _935157 |
|
| 740 | 0 | _aGeosynclines. | |
| 830 | 0 |
_aMemoir (Geological Society of America), _935158 |
|
| 942 |
_2ddc _cBK |
||
| 999 |
_c11368 _d11368 |
||